Indian Political Thought (Record no. 12084)

MARC details
000 -LEADER
fixed length control field 00413nam a22001697a 4500
003 - CONTROL NUMBER IDENTIFIER
control field OSt
008 - FIXED-LENGTH DATA ELEMENTS--GENERAL INFORMATION
fixed length control field 231009b |||||||| |||| 00| 0 eng d
020 ## - INTERNATIONAL STANDARD BOOK NUMBER
International Standard Book Number 9789388658270
082 ## - DEWEY DECIMAL CLASSIFICATION NUMBER
Classification number 954 GAI
100 ## - MAIN ENTRY--PERSONAL NAME
Personal name GAUBA, O.P.
245 ## - TITLE STATEMENT
Title Indian Political Thought
250 ## - EDITION STATEMENT
Edition statement 9th Reprint ed.
260 ## - PUBLICATION, DISTRIBUTION, ETC. (IMPRINT)
Place of publication, distribution, etc New Delhi
Name of publisher, distributor, etc National Paperbacks
Date of publication, distribution, etc 2023
300 ## - PHYSICAL DESCRIPTION
Extent 212 p.
650 ## - SUBJECT ADDED ENTRY--TOPICAL TERM
Topical term or geographic name as entry element Political Science
942 ## - ADDED ENTRY ELEMENTS (KOHA)
Source of classification or shelving scheme Dewey Decimal Classification
Koha item type Text Books
Holdings
Withdrawn status Lost status Source of classification or shelving scheme Damaged status Not for loan Collection code Home library Current library Date acquired Source of acquisition Currency Cost, normal purchase price Bill Number Total Checkouts Full call number Acc. no. / Barcode Date last seen Actual Cost, discounted price Bill Date Koha item type Date last borrowed
    Dewey Decimal Classification     BA(GEN) PIET NCR College Library PIET NCR College Library 30/09/2023 Kirti Prakashan In Rupees 275.00 IN1021   954 GAI N3429 09/10/2023 200.75 30/09/2023 Reference Books  
    Dewey Decimal Classification     BA(GEN) PIET NCR College Library PIET NCR College Library 30/09/2023 Kirti Prakashan In Rupees 275.00 IN1021 1 954 GAI N3430 19/12/2023 200.75 30/09/2023 Text Books 14/10/2023
    Dewey Decimal Classification     BA(GEN) PIET NCR College Library PIET NCR College Library 30/09/2023 Kirti Prakashan In Rupees 275.00 IN1021   954 GAI N3431 09/10/2023 200.75 30/09/2023 Text Books  
    Dewey Decimal Classification     BA(GEN) PIET NCR College Library PIET NCR College Library 30/09/2023 Kirti Prakashan In Rupees 275.00 IN1021 1 954 GAI N3432 23/02/2024 200.75 30/09/2023 Text Books 24/11/2023
    Dewey Decimal Classification     BA(GEN) PIET NCR College Library PIET NCR College Library 30/09/2023 Kirti Prakashan In Rupees 275.00 IN1021 1 954 GAI N3433 24/05/2024 200.75 30/09/2023 Text Books 14/05/2024

Design & Developed by: PIET Central Library
R70 Miles Stone Pattikalyana Samalkha Panipat 132102
mail ID :- [email protected], Phone No:- 0180-2569700 Ex.216